LEADER 01961nam0 2200385 i 450 001 MIL1051371 005 20231121125552.0 010 $a9788869062315 100 $a20221103d2022 ||||0itac50 ba 101 | $aita$cita 102 $ait 181 1$6z01$ai $bxxxe 182 1$6z01$an 200 1 $aMarcianise e la cartografia storica sulla scena europea (1558-1961)$eartefici, processi evolutivi e trasformazione dei luoghi$eda Pirro Ligorio al Beguinot$fSalvatore Costanzo 210 $aNapoli$cGiannini$d2022 215 $a349 p., [4] p. di tav.$cill.$d29 cm 500 10$aMarcianise e la cartografia storica sulla scena europea (1558-1961)$3MIL1051373$9RAVV078434$92922864 606 $aMarcianise$xCartografia antica$2FIR$3IEIC435987$9E 606 $aMarcianise$xStoria$xSec. 16.-20.$2FIR$3IEIC435988$9E 676 $a945.7250915$9$v21 700 1$aCostanzo$b, Salvatore$f <1954- >$3RAVV078434$4070$0447816 801 3$aIT$bIT-01$c20221103 850 $aIT-RM028 $aIT-RM0289 $aIT-RM0281 $aIT-RM0418 $aIT-FR0084 $aIT-RM0460 $aIT-FR0017 899 $aBiblioteca Universitaria Alessandrina$bRM028 899 $aBiblioteca Statale A. Baldini$bRM0289 $eN 899 $aBIBLIOTECA VALLICELLIANA$bRM0281 899 $aBIBLIOTECA ACCADEMIA NAZ. DEI LINCEI E CORSINIANA$bRM0418 899 $aBiblioteca Del Monumento Nazionale Di Montecassino$bFR0084 899 $aBiblioteca Dell' Archivio Centrale Dello Stato$bRM0460 899 $aBiblioteca umanistica Giorgio Aprea$bFR0017 $eN 912 $aMIL1051371 950 0$aBiblioteca umanistica Giorgio Aprea$d 52MAG 4/837$e 52SBA0000294125 VMN RS $fA $h20230329$i20230329 977 $a 01$a 04$a 08$a 10$a 25$a 27$a 52 996 $aMarcianise e la cartografia storica sulla scena europea (1558-1961)$92922864 997 $aUNICAS